[Event "Erlanger BSGW-Open 2012 30rd"]
[Site "Erlangen/Eltersd.(30.3.-1.4)"]
[Date "2012.04.01"]
[Round "4.19"]
[White "Spiegelhauer, Tilmann"]
[Black "Ulusoy, Tolga"]
[Result "1/2-1/2"]
[WhiteElo "1773"]
[BlackElo "1966"]
[PlyCount "23"]
[EventDate "2012.04.??"]
[EventType "swiss"]
[EventRounds "5"]
[EventCountry "GER"]
[WhiteTeam "Uttenreuth SC"]
[BlackTeam "Nürnberg Noris-Tarr. SC"]

1. d4 Nf6 2. c4 c5 3. d5 b5 4. cxb5 a6 5. bxa6 g6 6. Nc3 Bxa6 7. e4 Bxf1 8.
Kxf1 d6 9. g3 Bg7 10. Nf3 O-O 11. Kg2 Nbd7 12. h3 1/2-1/2

[Event "Erlanger BSGW-Open 2012 30rd"]
[Site "Erlangen/Eltersd.(30.3.-1.4)"]
[Date "2012.04.01"]
[Round "4.20"]
[White "Walter, Manfred(59)"]
[Black "Hagenbach, Udo"]
[Result "1/2-1/2"]
[WhiteElo "1721"]
[BlackElo "1906"]
[PlyCount "27"]
[EventDate "2012.04.??"]
[EventType "swiss"]
[EventRounds "5"]
[EventCountry "GER"]
[WhiteTeam "Lauf/P. SV"]
[BlackTeam "Bergwinkel SV"]

1. c4 Nf6 2. g3 d5 3. cxd5 Nxd5 4. Bg2 e5 5. Nc3 Nb6 6. Nf3 Nc6 7. O-O Be7 8.
d3 Be6 9. Be3 Nd5 10. Nxd5 Bxd5 11. Qa4 O-O 12. Rac1 Re8 13. Bc5 f6 14. b4
1/2-1/2

[Event "Erlanger BSGW-Open 2012 30rd"]
[Site "Erlangen/Eltersd.(30.3.-1.4)"]
[Date "2012.04.01"]
[Round "4.22"]
[White "Bruder, Heinz"]
[Black "Pikal, Alexander"]
[Result "0-1"]
[WhiteElo "1700"]
[BlackElo "1904"]
[PlyCount "72"]
[EventDate "2012.04.??"]
[EventType "swiss"]
[EventRounds "5"]
[EventCountry "GER"]
[WhiteTeam "Nürnberg Süd SW"]
[BlackTeam "Ansbach SC"]

1. e4 d6 2. d4 g6 3. f4 Bg7 4. Nf3 e6 5. Be3 Ne7 6. Nc3 Nd7 7. Bc4 b6 8. Qe2 a6
9. a4 Bb7 10. O-O h6 11. Rad1 O-O 12. g4 Nf6 13. Nd2 d5 14. Bd3 dxe4 15. Ndxe4
Nfd5 16. Bc4 Nxe3 17. Qxe3 Nd5 18. Qf2 Nxc3 19. Nxc3 Qd6 20. Ne2 Qc6 21. Ng3
Qxc4 22. f5 exf5 23. gxf5 Bf6 24. b3 Qb4 25. d5 Be7 26. Qf3 Bc5+ 27. Kg2 Rae8
28. c4 Re3 29. Qg4 Qxb3 30. fxg6 Qc2+ 31. Kh1 Qxg6 32. Qf4 Rxg3 33. hxg3 Re8
34. Kg2 Re2+ 35. Kf3 Qh5+ 36. g4 Re3+ 0-1

[Event "Erlanger BSGW-Open 2012 30rd"]
[Site "Erlangen/Eltersd.(30.3.-1.4)"]
[Date "2012.04.01"]
[Round "4.23"]
[White "Balhar, Michael"]
[Black "Braun, Michael(01.90)"]
[Result "1/2-1/2"]
[WhiteElo "1696"]
[BlackElo "1900"]
[PlyCount "44"]
[EventDate "2012.04.??"]
[EventType "swiss"]
[EventRounds "5"]
[EventCountry "GER"]
[WhiteTeam "Erlangen 48/88 SC"]
[BlackTeam "Büchenbach/Roth SG"]

1. e4 e5 2. Nf3 Nc6 3. Bc4 Bc5 4. d3 Nf6 5. c3 d6 6. h3 a6 7. b4 Ba7 8. O-O h6
9. Qb3 Qe7 10. Be3 O-O 11. a4 Be6 12. Nbd2 Nd8 13. b5 Bxe3 14. fxe3 Bxc4 15.
Qxc4 Ne6 16. d4 exd4 17. exd4 Nd7 18. Qd3 Nf4 19. Qe3 Nd5 20. Qd3 Nf4 21. Qe3
Nd5 22. Qd3 Nf4 1/2-1/2

[Event "Erlanger BSGW-Open 2012 30rd"]
[Site "Erlangen/Eltersd.(30.3.-1.4)"]
[Date "2012.04.01"]
[Round "4.24"]
[White "Koerber, Christian(98)"]
[Black "Mann, Johannes"]
[Result "1/2-1/2"]
[WhiteElo "1657"]
[BlackElo "1840"]
[PlyCount "54"]
[EventDate "2012.04.??"]
[EventType "swiss"]
[EventRounds "5"]
[EventCountry "GER"]
[WhiteTeam "Fürth 1951 SF"]
[BlackTeam "Forchheim SC"]

1. Nf3 Nf6 2. d4 g6 3. g3 Bg7 4. Bg2 O-O 5. O-O d6 6. c4 Nc6 7. Nc3 e5 8. dxe5
Nxe5 9. Nxe5 dxe5 10. Qxd8 Rxd8 11. Nd5 Nxd5 12. Bxd5 c6 13. Bg2 Be6 14. b3 e4
15. Rb1 f5 16. Bg5 Rd7 17. Rbd1 Kf7 18. Rxd7+ Bxd7 19. Rd1 Be6 20. f3 exf3 21.
exf3 Bf6 22. Bxf6 Kxf6 23. f4 Rc8 24. a3 h6 25. h4 g5 26. hxg5+ hxg5 27. Rd3 g4
1/2-1/2

[Event "Erlanger BSGW-Open 2012 30rd"]
[Site "Erlangen/Eltersd.(30.3.-1.4)"]
[Date "2012.04.01"]
[Round "4.25"]
[White "Thuerauf, Peter"]
[Black "Grasser, Stefan"]
[Result "1-0"]
[WhiteElo "1851"]
[BlackElo "1638"]
[PlyCount "81"]
[EventDate "2012.04.??"]
[EventType "swiss"]
[EventRounds "5"]
[EventCountry "GER"]
[WhiteTeam "Nürnberg Süd SW"]
[BlackTeam "Hellern SV"]

1. Nf3 b5 2. g3 Bb7 3. Bg2 Nf6 4. O-O e6 5. b3 d5 6. Bb2 Nbd7 7. c4 b4 8. d4 c5
9. e3 Be7 10. Nbd2 O-O 11. Rc1 Rc8 12. Re1 Ne4 13. Ne5 f5 14. Nxe4 dxe4 15.
Nxd7 Qxd7 16. dxc5 Qc7 17. Qc2 Bxc5 18. Red1 Rfd8 19. Rxd8+ Rxd8 20. Rd1 Rxd1+
21. Qxd1 Bc6 22. Qd2 a5 23. Bd4 Ba7 24. Bxa7 Qxa7 25. Qd6 Bd7 26. Bf1 Qb7 27.
c5 Qc6 28. Qb8+ Kf7 29. Qb6 Qa8 30. Qc7 Ke8 31. Bc4 Qc6 32. Qxa5 Qb7 33. a4
bxa3 34. Qxa3 e5 35. Qa6 Qc7 36. b4 f4 37. Qa8+ Ke7 38. Qxe4 Bh3 39. Qxh7 fxe3
40. Qxh3 exf2+ 41. Kxf2 1-0

[Event "Erlanger BSGW-Open 2012 30rd"]
[Site "Erlangen/Eltersd.(30.3.-1.4)"]
[Date "2012.04.01"]
[Round "4.26"]
[White "Wegmann, Simon"]
[Black "Unkelbach, Manfred"]
[Result "0-1"]
[WhiteElo "1519"]
[BlackElo "1827"]
[PlyCount "68"]
[EventDate "2012.04.??"]
[EventType "swiss"]
[EventRounds "5"]
[EventCountry "GER"]
[WhiteTeam "Erlangen 48/88 SC"]
[BlackTeam "Stockstadt SC-SF"]

1. e4 c6 2. d4 d5 3. exd5 cxd5 4. Nc3 Nf6 5. Bd3 Bg4 6. f3 Bd7 7. Bg5 e6 8.
Nge2 Be7 9. Bf4 Nc6 10. Qd2 a6 11. a3 b5 12. O-O Qb6 13. Be3 Na5 14. b3 Rc8 15.
Rfb1 O-O 16. b4 Nc4 17. Bxc4 Rxc4 18. Rb3 Rfc8 19. Rab1 Ne8 20. Bf4 Bd6 21.
Bxd6 Nxd6 22. g4 Qd8 23. Nc1 Qf6 24. N3e2 Rxc2 25. Qd3 Qh4 26. Qd1 Qg5 27. R3b2
Qe3+ 28. Kg2 Rxb2 29. Rxb2 Nc4 30. Rb3 Qg5 31. Kf2 Qh4+ 32. Kg2 h5 33. Ng3 hxg4
34. fxg4 Qg5 0-1

[Event "Erlanger BSGW-Open 2012 30rd"]
[Site "Erlangen/Eltersd.(30.3.-1.4)"]
[Date "2012.04.01"]
[Round "4.27"]
[White "Ammon, Dominik"]
[Black "Schwarz, Eduard"]
[Result "0-1"]
[WhiteElo "1546"]
[BlackElo "1801"]
[PlyCount "36"]
[EventDate "2012.04.??"]
[EventType "swiss"]
[EventRounds "5"]
[EventCountry "GER"]
[WhiteTeam "Altensittenbach SV"]
[BlackTeam "Idstein Turm SG"]

1. e4 e5 2. Nf3 Nc6 3. Bc4 Bc5 4. c3 Nf6 5. d4 exd4 6. cxd4 Bb4+ 7. Nbd2 Nxe4
8. Qe2 d5 9. O-O Bxd2 10. Nxd2 O-O 11. Nxe4 Nxd4 12. Qd3 dxc4 13. Qxc4 Be6 14.
Qd3 Bf5 15. f3 Ne6 16. Qxd8 Rfxd8 17. Ng5 Nd4 18. Bd2 Ne2+ 0-1

[Event "Erlanger BSGW-Open 2012 30rd"]
[Site "Erlangen/Eltersd.(30.3.-1.4)"]
[Date "2012.04.01"]
[Round "4.28"]
[White "Hollfelder, Gerhard"]
[Black "Hohner, Karl-Heinz"]
[Result "1/2-1/2"]
[WhiteElo "1558"]
[BlackElo "1786"]
[PlyCount "38"]
[EventDate "2012.04.??"]
[EventType "swiss"]
[EventRounds "5"]
[EventCountry "GER"]
[WhiteTeam "Bubenreuth SV"]
[BlackTeam "Kronacher SK"]

1. e4 c5 2. Nf3 a6 3. d4 cxd4 4. Nxd4 Nf6 5. Nc3 e5 6. Nb3 Bb4 7. Bd3 d5 8. Bg5
dxe4 9. Bxf6 Qxf6 10. Bxe4 O-O 11. O-O Bxc3 12. bxc3 Nc6 13. Qe2 Re8 14. Rad1
Qe7 15. Rd2 f5 16. Bd5+ Kh8 17. Rfd1 e4 18. Bxc6 bxc6 19. Rd6 Be6 1/2-1/2

[Event "Erlanger BSGW-Open 2012 30rd"]
[Site "Erlangen/Eltersd.(30.3.-1.4)"]
[Date "2012.04.01"]
[Round "4.29"]
[White "Stuhler, Kilian"]
[Black "Effenberg, Michael"]
[Result "1-0"]
[WhiteElo "1778"]
[BlackElo "1552"]
[PlyCount "81"]
[EventDate "2012.04.??"]
[EventType "swiss"]
[EventRounds "5"]
[EventCountry "GER"]
[WhiteTeam "Dillingen SC"]
[BlackTeam "Puschendorf SV"]

1. b3 Nc6 2. Bb2 d5 3. e3 Nf6 4. Nf3 Bg4 5. Be2 g6 6. h3 Bd7 7. c4 e6 8. Nc3
dxc4 9. Bxc4 Bg7 10. O-O Ne4 11. d4 Nxc3 12. Bxc3 O-O 13. b4 Ne7 14. e4 a6 15.
Re1 Bb5 16. Qe2 Bxc4 17. Qxc4 b5 18. Qe2 Qd6 19. a3 Rfd8 20. Bb2 Rd7 21. Rac1
Rad8 22. Rc5 Nc8 23. e5 Qb6 24. Bc1 Ne7 25. Bg5 h6 26. Bxe7 Rxe7 27. Rec1 Bf8
28. Rc6 Qb7 29. Qc2 Rc8 30. Nd2 Rd7 31. Qc3 Be7 32. Ne4 Kg7 33. Nd6 Bxd6 34.
exd6 Kg8 35. Rxc7 Rcxc7 36. dxc7 Qc8 37. Qc6 Re7 38. Qb6 Re8 39. Rc6 Kf8 40.
Qc5+ Kg7 41. Rb6 1-0

[Event "Erlanger BSGW-Open 2012 30rd"]
[Site "Erlangen/Eltersd.(30.3.-1.4)"]
[Date "2012.04.01"]
[Round "4.30"]
[White "Zhao, Kevin"]
[Black "Rebhann, Leo"]
[Result "1-0"]
[WhiteElo "1771"]
[BlackElo "1517"]
[PlyCount "131"]
[EventDate "2012.04.??"]
[EventType "swiss"]
[EventRounds "5"]
[EventCountry "GER"]
[WhiteTeam "Erlangen 48/88 SC"]
[BlackTeam "Höchstadt/A. SC"]

1. e4 e5 2. Nf3 Nc6 3. Bb5 a6 4. Ba4 b5 5. Bb3 Nf6 6. O-O Be7 7. Re1 d6 8. h3
O-O 9. c3 Na5 10. Bc2 Bb7 11. d4 Nd7 12. Nbd2 Nc6 13. Nf1 Bf6 14. Ng3 g6 15.
Be3 Re8 16. Qd2 Nb6 17. b3 Nd7 18. a4 bxa4 19. Rxa4 Nb6 20. Ra2 Nd7 21. d5 Ncb8
22. c4 Be7 23. b4 Bf6 24. Bb3 Qe7 25. Rc1 Rc8 26. c5 dxc5 27. bxc5 Nxc5 28.
Bxc5 Qd8 29. Be3 Qe7 30. Rac2 Qd6 31. Bc5 Qd8 32. Qb4 Nd7 33. Be3 Nb6 34. d6
Qxd6 35. Qxd6 cxd6 36. Bxb6 Rxc2 37. Rxc2 Rc8 38. Rxc8+ Bxc8 39. Bc7 Be7 40.
Nd2 Be6 41. Bc4 Bc8 42. Bd5 Kg7 43. Nc4 f5 44. exf5 gxf5 45. Bxd6 Bxd6 46. Nxd6
Bd7 47. Ngxf5+ Kf6 48. Kf1 Bxf5 49. Nxf5 Kxf5 50. Ke2 Kf4 51. g3+ Kf5 52. Ke3
h6 53. Be4+ Kf6 54. Bc2 Ke6 55. Ke4 h5 56. Bd1 h4 57. g4 a5 58. g5 Kd6 59. f4
exf4 60. Kxf4 Ke6 61. Kg4 Ke5 62. Kxh4 Ke6 63. Kh5 Kf7 64. Kh6 Kg8 65. g6 Kh8
66. Bb3 1-0

[Event "Erlanger BSGW-Open 2012 30rd"]
[Site "Erlangen/Eltersd.(30.3.-1.4)"]
[Date "2012.04.01"]
[Round "4.31"]
[White "Wegmann, Sven"]
[Black "Schloetterer, Hermann"]
[Result "0-1"]
[WhiteElo "1477"]
[BlackElo "1773"]
[PlyCount "76"]
[EventDate "2012.04.??"]
[EventType "swiss"]
[EventRounds "5"]
[EventCountry "GER"]
[WhiteTeam "Erlangen 48/88 SC"]
[BlackTeam "Nürnberg Noris-Tarr. SC"]

1. e4 d5 2. exd5 Qxd5 3. Nc3 Qa5 4. d4 Nf6 5. Bd2 c6 6. Bc4 e6 7. Nf3 Be7 8.
Ne5 Qc7 9. Bg5 Nbd7 10. f4 b5 11. Bd3 b4 12. Ne4 Nxe5 13. fxe5 Nxe4 14. Bxe7
Qxe7 15. Qf3 Qd7 16. Bxe4 Bb7 17. Rd1 h6 18. O-O O-O 19. Qg4 Qc7 20. Rf6 Kh8
21. Qh5 Kg8 22. Rdf1 c5 23. Rxh6 gxh6 24. Rf6 Bxe4 25. Rxh6 Kg7 26. Rf6 Bg6 27.
Qg5 Rae8 28. h4 Rh8 29. g4 Rh6 30. h5 cxd4 31. Qd2 Qc5 32. hxg6 Rxg6 33. Rf2
Qxe5 34. Kf1 Rh8 35. Rf4 Rh1+ 36. Kg2 Qd5+ 37. Kg3 Rg1+ 38. Kf2 Qg2# 0-1

[Event "Erlanger BSGW-Open 2012 30rd"]
[Site "Erlangen/Eltersd.(30.3.-1.4)"]
[Date "2012.04.01"]
[Round "4.32"]
[White "Hummel, Thomas(70)"]
[Black "Kellmann, Andreas"]
[Result "1-0"]
[WhiteElo "1745"]
[BlackElo "1488"]
[PlyCount "33"]
[EventDate "2012.04.??"]
[EventType "swiss"]
[EventRounds "5"]
[EventCountry "GER"]
[WhiteTeam "Dietfurt/Altm. TSV"]
[BlackTeam "Büchenbach/Roth SG"]

1. Nc3 e5 2. e4 Nf6 3. Bc4 Bc5 4. h3 h6 5. d3 Nc6 6. a3 d6 7. Bd2 Bd7 8. Nge2
O-O 9. Na4 Bb6 10. Nxb6 axb6 11. O-O Na5 12. Ba2 Qc8 13. Kh2 c6 14. f4 c5 15.
fxe5 dxe5 16. Bxh6 Kh7 17. Bg5 1-0

[Event "Erlanger BSGW-Open 2012 30rd"]
[Site "Erlangen/Eltersd.(30.3.-1.4)"]
[Date "2012.04.01"]
[Round "4.33"]
[White "Braun, Kristin"]
[Black "Stoll, Katja"]
[Result "1/2-1/2"]
[WhiteElo "1480"]
[BlackElo "1645"]
[PlyCount "23"]
[EventDate "2012.04.??"]
[EventType "swiss"]
[EventRounds "5"]
[EventCountry "GER"]
[WhiteTeam "Forchheim SC"]
[BlackTeam "Ulm Weisse Dame SC"]

1. e4 e5 2. Nf3 Nf6 3. Nc3 Nc6 4. d4 exd4 5. Nxd4 Bb4 6. Nxc6 bxc6 7. Qd3 O-O
8. Bd2 Re8 9. f3 d5 10. O-O-O Be6 11. exd5 cxd5 12. Bg5 1/2-1/2

[Event "Erlanger BSGW-Open 2012 30rd"]
[Site "Erlangen/Eltersd.(30.3.-1.4)"]
[Date "2012.04.01"]
[Round "4.34"]
[White "Ammon, Fabian"]
[Black "Myagkov, Kirill"]
[Result "1/2-1/2"]
[WhiteElo "1503"]
[BlackElo "1726"]
[PlyCount "76"]
[EventDate "2012.04.??"]
[EventType "swiss"]
[EventRounds "5"]
[EventCountry "GER"]
[WhiteTeam "Altensittenbach SV"]
[BlackTeam "Nürnberg Noris-Tarr. SC"]

1. e4 c6 2. d4 d5 3. Nc3 dxe4 4. Nxe4 Bf5 5. Ng3 Bg6 6. Nf3 Nf6 7. h4 Ne4 8.
Nxe4 Bxe4 9. Be3 e6 10. Bd3 Bxd3 11. Qxd3 Nd7 12. O-O-O b5 13. Kb1 a5 14. Qc3
Qc8 15. g4 b4 16. Qd3 Nb6 17. Ne5 Bd6 18. h5 Nd5 19. Bd2 O-O 20. h6 g6 21. f4
Qc7 22. Rde1 a4 23. f5 c5 24. Nc4 exf5 25. gxf5 b3 26. cxb3 axb3 27. a3 Rfc8
28. Nxd6 Qxd6 29. dxc5 Qxc5 30. fxg6 Qc2+ 31. Qxc2 bxc2+ 32. Kc1 fxg6 33. Rh3
Rab8 34. Rd3 Nb6 35. Rc3 Na4 36. Rxc8+ Rxc8 37. b3 Nb6 38. Kb2 Kf7 1/2-1/2

[Event "Erlanger BSGW-Open 2012 30rd"]
[Site "Erlangen/Eltersd.(30.3.-1.4)"]
[Date "2012.04.01"]
[Round "4.35"]
[White "Hertlein, Stefan"]
[Black "Tong, Kevin"]
[Result "1-0"]
[WhiteElo "1663"]
[BlackElo "1471"]
[PlyCount "131"]
[EventDate "2012.04.??"]
[EventType "swiss"]
[EventRounds "5"]
[EventCountry "GER"]
[WhiteTeam "Treuchtlingen SC"]
[BlackTeam "Erlangen 48/88 SC"]

1. d4 Nf6 2. e3 c5 3. Nf3 g6 4. Be2 Bg7 5. O-O cxd4 6. Nxd4 O-O 7. b3 Nc6 8.
Bb2 d6 9. Nd2 Bd7 10. c4 Rc8 11. Rc1 Qb6 12. Nxc6 Bxc6 13. Bd4 Qc7 14. Qc2 b6
15. Bf3 Rfd8 16. Rfd1 Bb7 17. Qb2 Bxf3 18. Nxf3 Qb7 19. h3 d5 20. cxd5 Rxd5 21.
Rxc8+ Qxc8 22. Rc1 Qb7 23. Qc2 Rd8 24. Qc7 Rd7 25. Qc8+ Qxc8 26. Rxc8+ Bf8 27.
Ne5 Rd5 28. Nc6 Rd7 29. Ra8 b5 30. Nxe7+ Rxe7 31. Bxf6 Rd7 32. Bd4 f5 33. Bc5
Rf7 34. Bxf8 Rxf8 35. Rxa7 Rd8 36. a4 bxa4 37. bxa4 Rd1+ 38. Kh2 Ra1 39. a5 h6
40. Kg3 g5 41. h4 Ra4 42. hxg5 hxg5 43. a6 Kf8 44. Ra8+ Kg7 45. a7 Ra3 46. Kh3
Ra4 47. f4 g4+ 48. Kh4 Ra3 49. Kg5 Ra5 50. Re8 Rxa7 51. Kxf5 g3 52. Kg4 Kg6 53.
Kxg3 Ra5 54. Re6+ Kf7 55. Rb6 Ke7 56. Kf3 Ra3 57. g4 Kf7 58. f5 Ra4 59. e4 Kg7
60. Kf4 Kf7 61. g5 Kg7 62. Rb7+ Kf8 63. f6 Ra5 64. g6 Ra8 65. e5 Rc8 66. Rh7
1-0

[Event "Erlanger BSGW-Open 2012 30rd"]
[Site "Erlangen/Eltersd.(30.3.-1.4)"]
[Date "2012.04.01"]
[Round "4.36"]
[White "Meulner, Fabian"]
[Black "Eisenschmid, Oliver"]
[Result "1-0"]
[WhiteElo "1678"]
[BlackElo "1433"]
[PlyCount "65"]
[EventDate "2012.04.??"]
[EventType "swiss"]
[EventRounds "5"]
[EventCountry "GER"]
[WhiteTeam "Nürnberg Süd SW"]
[BlackTeam "Haunwöhr SV"]

1. c4 c5 2. g3 g6 3. Bg2 Bg7 4. e3 e5 5. Ne2 Ne7 6. Nbc3 O-O 7. O-O Nbc6 8. d3
d6 9. a3 Be6 10. Nd5 Bf5 11. Rb1 Rb8 12. h3 Nxd5 13. cxd5 Ne7 14. e4 Bd7 15. f4
f5 16. Be3 b6 17. Kh2 Rc8 18. fxe5 Bxe5 19. Nf4 c4 20. d4 Bg7 21. Ne6 Bxe6 22.
dxe6 d5 23. exd5 Nxd5 24. Bg1 Re8 25. Qf3 Nc7 26. d5 Qe7 27. Rbd1 Nxe6 28. dxe6
Qxe6 29. Qb7 Qe7 30. Rd7 Qf8 31. Bd5+ Kh8 32. Rf7 Qd6 33. Rxg7 1-0

[Event "Erlanger BSGW-Open 2012 30rd"]
[Site "Erlangen/Eltersd.(30.3.-1.4)"]
[Date "2012.04.01"]
[Round "4.37"]
[White "Ayhan, Elian"]
[Black "Meier, Manfred(67)"]
[Result "0-1"]
[WhiteElo "700"]
[BlackElo "1608"]
[PlyCount "72"]
[EventDate "2012.04.??"]
[EventType "swiss"]
[EventRounds "5"]
[EventCountry "GER"]
[WhiteTeam "Erlangen BSGW"]
[BlackTeam "Neustadt/A. SV"]

1. e4 e5 2. Nf3 Nc6 3. Bb5 a6 4. Bxc6 dxc6 5. O-O f6 6. Nc3 Bg4 7. d4 exd4 8.
Qxd4 Qxd4 9. Nxd4 O-O-O 10. Ne6 Bxe6 11. Bf4 g5 12. Be3 Bd6 13. Bd4 Bxh2+ 14.
Kxh2 Rxd4 15. f3 Ne7 16. Rfd1 Rhd8 17. Rxd4 Rxd4 18. Rd1 Rxd1 19. Nxd1 Bxa2 20.
b3 Bb1 21. Ne3 b5 22. g3 a5 23. c4 a4 24. bxa4 bxa4 25. f4 gxf4 26. gxf4 Bxe4
27. Kg3 a3 28. f5 Nxf5+ 29. Kf4 Nxe3 30. Kxe4 Nxc4 31. Kf5 a2 32. Kxf6 a1=Q+
33. Ke6 Qe5+ 34. Kf7 Nd6+ 35. Kg8 Nf5 36. Kxh7 Qg7# 0-1

[Event "Erlanger BSGW-Open 2012 30rd"]
[Site "Erlangen/Eltersd.(30.3.-1.4)"]
[Date "2012.04.01"]
[Round "4.38"]
[White "Mettal, Thomas"]
[Black "Tschammer, Kai"]
[Result "1-0"]
[WhiteElo "1652"]
[BlackElo "1273"]
[PlyCount "51"]
[EventDate "2012.04.??"]
[EventType "swiss"]
[EventRounds "5"]
[EventCountry "GER"]
[WhiteTeam "Bubenreuth SV"]
[BlackTeam "Erlangen 48/88 SC"]

1. e4 e5 2. f4 exf4 3. Nf3 Nc6 4. d4 d6 5. Bxf4 Bg4 6. c3 Nf6 7. Nbd2 Be7 8.
Bd3 O-O 9. O-O Re8 10. Qc2 Nh5 11. Be3 Bf8 12. Ng5 f6 13. Bc4+ Kh8 14. Nf7+ Kg8
15. Nxd8+ Kh8 16. Nf7+ Kg8 17. Nh6+ Kh8 18. Nxg4 Be7 19. Rf3 Rad8 20. Bf7 Rf8
21. Bxh5 g6 22. Bxg6 hxg6 23. Rh3+ Kg8 24. Qb3+ Kg7 25. Bh6+ Kh8 26. Bxf8# 1-0

[Event "Erlanger BSGW-Open 2012 30rd"]
[Site "Erlangen/Eltersd.(30.3.-1.4)"]
[Date "2012.04.01"]
[Round "4.39"]
[White "Pillath, Marcus"]
[Black "Ertl, Helmut"]
[Result "0-1"]
[WhiteElo "1314"]
[BlackElo "1637"]
[PlyCount "48"]
[EventDate "2012.04.??"]
[EventType "swiss"]
[EventRounds "5"]
[EventCountry "GER"]
[WhiteTeam "Vaihingen-Rohr SG"]
[BlackTeam "Deggendorf SV"]

1. d4 d5 2. Nf3 Nf6 3. Bf4 e6 4. e3 Nbd7 5. Nbd2 c5 6. c3 Be7 7. Be2 O-O 8.
dxc5 Bxc5 9. Nb3 Be7 10. h3 Ne4 11. O-O Bd6 12. Bxd6 Nxd6 13. Rc1 Ne4 14. c4
Ndf6 15. cxd5 exd5 16. Qc2 Bd7 17. Nbd4 Rc8 18. Qb3 b6 19. Ba6 Rc5 20. Bb5 Qc7
21. Rxc5 bxc5 22. Bxd7 Qxd7 23. Ne2 Qd6 24. Rd1 Qb6 0-1

[Event "Erlanger BSGW-Open 2012 30rd"]
[Site "Erlangen/Eltersd.(30.3.-1.4)"]
[Date "2012.04.01"]
[Round "4.40"]
[White "Kraus, Sebastian(95)"]
[Black "Schuetz, Robert(61)"]
[Result "0-1"]
[WhiteElo "1395"]
[BlackElo "1619"]
[PlyCount "78"]
[EventDate "2012.04.??"]
[EventType "swiss"]
[EventRounds "5"]
[EventCountry "GER"]
[WhiteTeam "Puschendorf SV"]
[BlackTeam "Forchheim SC"]

1. e4 e6 2. d4 d5 3. Bd3 dxe4 4. Bxe4 Nf6 5. Bf3 c5 6. c3 Qb6 7. Nd2 cxd4 8.
Nc4 Qc7 9. Qxd4 Nc6 10. Qf4 e5 11. Qg3 Bd7 12. Be3 g6 13. Rd1 b5 14. Nxe5 Rc8
15. Nxd7 Nxd7 16. Bf4 Qb6 17. Bxc6 Qxc6 18. Qe3+ Qe6 19. Qxe6+ fxe6 20. Nf3 b4
21. Bd2 Bg7 22. Rc1 O-O 23. O-O bxc3 24. Bxc3 Bxc3 25. Rxc3 Rxc3 26. bxc3 Rc8
27. Rc1 h6 28. Kf1 Kf7 29. Ke2 Kf6 30. c4 Ne5 31. Nxe5 Kxe5 32. Ke3 Rc5 33. f4+
Kd6 34. Kd4 Rf5 35. Ke4 g5 36. fxg5 hxg5 37. Ke3 Kc5 38. Rc2 Rf4 39. g3 Rd4 0-1

[Event "Erlanger BSGW-Open 2012 30rd"]
[Site "Erlangen/Eltersd.(30.3.-1.4)"]
[Date "2012.04.01"]
[Round "4.41"]
[White "Wolf, Pablo"]
[Black "Dreiseitel, Werner"]
[Result "0-1"]
[WhiteElo "1320"]
[BlackElo "1484"]
[PlyCount "100"]
[EventDate "2012.04.??"]
[EventType "swiss"]
[EventRounds "5"]
[EventCountry "GER"]
[WhiteTeam "Bamberg 1868 SC"]
[BlackTeam "Nürnberg Noris-Tarr. SC"]

1. e4 c6 2. Nf3 d5 3. exd5 cxd5 4. Bb5+ Nd7 5. Nc3 a6 6. Bxd7+ Qxd7 7. Ne5 Qd6
8. d4 Nf6 9. Bf4 Qb4 10. Rb1 Bf5 11. O-O e6 12. a3 Qa5 13. Ra1 Be7 14. b4 Qb6
15. Bg5 Qc7 16. Qd2 Rc8 17. Nd1 Ne4 18. Qe1 Bxg5 19. f4 Bf6 20. Ne3 Bxe5 21.
fxe5 Bg6 22. Rc1 Qc3 23. Qxc3 Rxc3 24. Ra1 Rxe3 25. Rfe1 Rc3 26. Re2 Ke7 27.
Ra2 Rhc8 28. g3 Ng5 29. Kf1 Nf3 30. a4 Nxd4 31. Rd2 Nxc2 32. b5 Ne3+ 33. Ke1 a5
34. b6 Nc4 35. Re2 Bd3 36. Reb2 Rc1+ 37. Kf2 Nxb2 38. Rxb2 R8c2+ 39. Rxc2 Rxc2+
40. Ke1 Rxh2 41. g4 Rh1+ 42. Kd2 Be4 43. g5 Rg1 44. g6 Rxg6 45. Kd1 h5 46. Kc1
Rg2 47. Kd1 h4 48. Kc1 h3 49. Kd1 h2 50. Ke1 h1=Q# 0-1

[Event "Erlanger BSGW-Open 2012 30rd"]
[Site "Erlangen/Eltersd.(30.3.-1.4)"]
[Date "2012.04.01"]
[Round "4.42"]
[White "Grueninger, Maxim"]
[Black "Lehmann, Tornalf"]
[Result "1/2-1/2"]
[WhiteElo "927"]
[BlackElo "1452"]
[PlyCount "87"]
[EventDate "2012.04.??"]
[EventType "swiss"]
[EventRounds "5"]
[EventCountry "GER"]
[WhiteTeam "Erlangen 48/88 SC"]
[BlackTeam "Heilsbronn SC"]

1. e4 Nf6 2. Nc3 e5 3. Nf3 Nc6 4. Bb5 Nd4 5. Nxe5 Nxb5 6. Nxb5 c6 7. Nc3 Bb4 8.
d3 O-O 9. O-O d6 10. Nf3 h6 11. h3 Re8 12. Re1 Qa5 13. Bd2 Qh5 14. Kh2 Bc5 15.
Be3 Ng4+ 16. Kg1 Nxe3 17. Rxe3 Bxe3 18. fxe3 Re6 19. d4 Rg6 20. Kh2 Bg4 21. d5
Bxf3 22. Qxf3 Qe5+ 23. Kg1 Re8 24. Rf1 Rf6 25. Qe2 Rxf1+ 26. Qxf1 Qg3 27. Qd3
Re5 28. Ne2 Qe1+ 29. Kh2 cxd5 30. exd5 Qf2 31. e4 Rg5 32. Qf3 Qc5 33. Qb3 b6
34. Nf4 Qf2 35. Qf3 Qxc2 36. Nd3 Qa4 37. a3 Qd4 38. Nb4 Qe5+ 39. Kg1 Qxb2 40.
Nc6 Qb1+ 41. Kh2 Kh8 42. Ne7 Re5 43. Qxf7 Rxe7 44. Qxe7 1/2-1/2

[Event "Erlanger BSGW-Open 2012 30rd"]
[Site "Erlangen/Eltersd.(30.3.-1.4)"]
[Date "2012.04.01"]
[Round "4.43"]
[White "Walter, Stefanie"]
[Black "Hollmann, Thomas"]
[Result "0-1"]
[WhiteElo "994"]
[BlackElo "1381"]
[PlyCount "40"]
[EventDate "2012.04.??"]
[EventType "swiss"]
[EventRounds "5"]
[EventCountry "GER"]
[WhiteTeam "Lauf/P. SV"]
[BlackTeam "Büchenbach/Roth SG"]

1. e4 e6 2. Nf3 d5 3. exd5 exd5 4. Be2 Nf6 5. O-O Bd6 6. Re1 O-O 7. Nc3 Bg4 8.
h3 Bh5 9. d3 c6 10. Bg5 Nbd7 11. d4 Qc7 12. Ne5 Bxe2 13. Qxe2 Rfe8 14. Bf4 Re7
15. Qf3 Bxe5 16. dxe5 Nxe5 17. Qg3 Rae8 18. Bh6 Nf3+ 19. Qxf3 Rxe1+ 20. Rxe1
Rxe1# 0-1

[Event "Erlanger BSGW-Open 2012 30rd"]
[Site "Erlangen/Eltersd.(30.3.-1.4)"]
[Date "2012.04.01"]
[Round "4.44"]
[White "Trefflich, Marcus"]
[Black "Bashouti, Muhammed"]
[Result "1-0"]
[WhiteElo "1423"]
[BlackElo "1219"]
[PlyCount "59"]
[EventDate "2012.04.??"]
[EventType "swiss"]
[EventRounds "5"]
[EventCountry "GER"]
[WhiteTeam "Treuchtlingen SC"]
[BlackTeam "Erlangen 48/88 SC"]

1. e4 c5 2. Nf3 d6 3. Nc3 Nf6 4. Bc4 a6 5. h3 b5 6. Be2 b4 7. Nd5 Nxe4 8. d3
Nf6 9. Nxf6+ gxf6 10. b3 Bg7 11. Bb2 e5 12. O-O Nd7 13. Nd2 Bb7 14. Nc4 d5 15.
Nd6+ Ke7 16. Nxb7 Qc7 17. Nxc5 Nxc5 18. a3 bxa3 19. Bxa3 Kd8 20. d4 Ne4 21.
dxe5 Nc3 22. Qd2 Nxe2+ 23. Qxe2 fxe5 24. Rfd1 Qc6 25. c4 d4 26. b4 Kc7 27. b5
axb5 28. cxb5 Qb7 29. Rdc1+ Kd7 30. Qg4+ 1-0